[Event "It (cat.12)"]
[Site "It (cat.12)"]
[Date "1988.??.??"]
[Round "5"]
[White "Hertneck, Gerald"]
[Black "Ribli, Zoltan"]
[Result "0-1"]
[WhiteElo "2465"]
[BlackElo "2620"]
[PlyCount "64"]
[EventDate "1988.??.??"]
[Source "www.chesslib.no"]
[SourceDate "2004.05.04"]

1. d3 Nf6 2. c4 e6 3. Nf3 b6 4. g3 Ba6 5. b3 Bb4+ 6. Bd2 Be7 7. Bg2 d5 8. cxd5 Nxd5 9. Nc3 Nd7 10. Nxd5 exd5 11. Qc2 O-O 12. Qc6 Nf6 13. Ne5 Qc8 14. Bxd5 Nxd5 15. Qxd5 Bd6 16. Nc6 Re8 17. Be3 Qg4 18. f3 Qe6 19. Qxe6 Rxe6 20. Bd2 Rxe2+ 21. Kd1 Rf2 22. Be3 Rg2 23. Re1 Bb5 24. Rc1 Rxh2 25. Bf4 Bxf4 26. gxf4 Rxa2 27. Re7 h5 28. Nb4 Rg2 29. Rcxc7 h4 30. Re5 h3 31. Rc2 h2 32. Ree2 Re8 0-1

[Event "URS-FL"]
[Site "Ashkhabad"]
[Date "1978.??.??"]
[Round "3"]
[White "Savon, Vladimir A"]
[Black "Beliavsky, Alexander G"]
[Result "1/2-1/2"]
[WhiteElo "2550"]
[BlackElo "2530"]
[PlyCount "31"]
[EventDate "1978.10.??"]
[Source "www.chesslib.no"]
[SourceDate "2004.05.04"]

1. d3 d5 2. g3 e5 3. Bg2 c6 4. Nf3 Bd6 5. O-O Nf6 6. Nc3 O-O 7. e4 Nbd7 8. a4 Bb4 9. exd5 Nxd5 10. Nxd5 cxd5 11. c3 Bd6 12. a5 h6 13. Re1 Re8 14. Be3 Nf6 15. Qb3 Qc7 16. d4 1/2-1/2

[Event "Tel Aviv"]
[Site "Tel Aviv"]
[Date "1992.??.??"]
[Round "8"]
[White "Beim, Valery"]
[Black "Zilberman, Yaacov"]
[Result "1-0"]
[WhiteElo "2485"]
[BlackElo "2485"]
[PlyCount "85"]
[EventDate "1992.04.??"]
[Source "ChessBase"]

1. d3 d5 2. f4 Nc6 3. Nf3 Bg4 4. Nbd2 g6 5. g3 Bg7 6. c3 Nf6 7. Bg2 O-O 8. O-O Qd6 9. d4 Bxf3 10. Bxf3 Rab8 11. a4 Rfd8 12. e4 dxe4 13. Nxe4 Nxe4 14. Bxe4 e6 15. a5 Ne7 16. Be3 Nd5 17. Bf2 c6 18. Qe2 Rd7 19. Rfd1 Rc8 20. Bc2 Qc7 21. Rd3 Rcd8 22. Qf3 Bf8 23. b4 Rc8 24. Rdd1 Rdd8 25. Bb3 Rd7 26. Kg2 Rdd8 27. Ra2 Rd7 28. Rda1 Rdd8 29. Be1 Rd7 30. Bd2 Qd8 31. Rf1 b6 32. axb6 axb6 33. g4 Qc7 34. f5 exf5 35. gxf5 Re8 36. b5 Bg7 37. fxg6 hxg6 38. Rf2 Red8 39. bxc6 Qxc6 40. c4 Ne7 41. d5 Qc5 42. Qxf7+ Kh7 43. Rf3 1-0

[Event "Reykjavik op"]
[Site "Reykjavik"]
[Date "2002.03.11"]
[Round "5"]
[White "Danielsen, Henrik"]
[Black "Kristjansson, Stefan"]
[Result "0-1"]
[WhiteElo "2520"]
[BlackElo "2389"]
[PlyCount "172"]
[EventDate "2002.03.07"]
[Source "ChessBase"]
[SourceDate "2002.05.03"]

1. d3 g6 2. f4 Bg7 3. g3 d6 4. Bg2 c6 5. Nf3 Nd7 6. Nc3 b5 7. O-O b4 8. Ne4 Bb7 9. Qe1 Qb6+ 10. Kh1 c5 11. Ned2 e6 12. e4 Ne7 13. Nc4 Qc7 14. e5 dxe5 15. fxe5 O-O 16. Qe2 Nf5 17. Bf4 Nb6 18. Nd6 Nxd6 19. exd6 Qc6 20. Rf2 Nd5 21. Ne5 Qxd6 22. Nxf7 Nxf4 23. Rxf4 Bxg2+ 24. Qxg2 Qd5 25. Raf1 Qxg2+ 26. Kxg2 Bxb2 27. g4 Bg7 28. h4 Rac8 29. R4f3 Rc7 30. Ng5 Rxf3 31. Rxf3 Rc6 32. Re3 e5 33. Re2 Ra6 34. c3 Rd6 35. cxb4 cxb4 36. Rc2 h6 37. Rc8+ Bf8 38. Ne4 Ra6 39. Rc2 Be7 40. h5 gxh5 41. gxh5 Ra3 42. Nf2 Bg5 43. Kg3 Kf7 44. Ne4 Rxd3+ 45. Kg4 Bf4 46. Kf5 Ke7 47. Rc7+ Rd7 48. Rc6 Rb7 49. Rg6 Kd8 50. Nc5 Rb5 51. Rc6 Be3 52. Ne4 Kd7 53. Rc2 a5 54. Nf6+ Kd6 55. Ke4 Bg5 56. Ne8+ Kd7 57. Nc7 Rb7 58. Na6 Rb6 59. Nc5+ Kd6 60. Rc4 Rb5 61. Nd3 Rd5 62. Nb2 Rd2 63. Na4 Rxa2 64. Nb6 Re2+ 65. Kd3 Re3+ 66. Kc2 Ke6 67. Rc5 b3+ 68. Kb2 e4 69. Rc6+ Kf5 70. Nc4 Rg3 71. Ka3 Be7+ 72. Ka4 e3 73. Rg6 e2 74. Rxg3 e1=Q 75. Rxb3 Bb4 76. Rd3 Qe2 77. Rd5+ Ke6 78. Rd4 Bc3 79. Rd6+ Ke7 80. Rc6 Qa2+ 81. Kb5 Qb3+ 82. Ka6 a4 83. Nb6 Bd4 84. Rxh6 Qxb6+ 85. Rxb6 Bxb6 86. h6 Bd4 0-1

[Event "It CGT 2003"]
[Site "Buenos Aires"]
[Date "2003.12.14"]
[Round "4"]
[White "Rodriguez, Andres"]
[Black "Crosa, Martin"]
[Result "1-0"]
[WhiteElo "2498"]
[BlackElo "2403"]
[PlyCount "93"]
[EventDate "2003.12.11"]
[Source "Roberto Alvarez"]
[SourceDate "2003.12.22"]

1. d3 e5 2. g3 Nf6 3. Bg2 d5 4. Nd2 Nc6 5. a3 Bc5 6. e3 Bb6 7. Ne2 h5 8. h3 Bf5 9. b4 a5 10. b5 Na7 11. a4 c6 12. Bb2 Qe7 13. Ba3 Qd7 14. bxc6 Nxc6 15. Qb1 Nb4 16. Bxb4 axb4 17. Qxb4 Ba5 18. Qc5 b6 19. Qb5 O-O 20. Qxd7 Bxd7 21. Kd1 Bb4 22. f4 Rfe8 23. Rf1 Bxa4 24. fxe5 Rxe5 25. Nc4 dxc4 26. Bxa8 Ra5 27. Be4 Nxe4 28. dxe4 Bc6 29. Rxa5 bxa5 30. c3 Bd6 31. Rf5 a4 32. Ra5 a3 33. e5 Bc7 34. Rxa3 Bxe5 35. Ra5 f6 36. Kd2 g5 37. h4 gxh4 38. gxh4 Be8 39. Ra8 Kf8 40. Rc8 Ke7 41. Rxc4 Bd7 42. Nf4 Be8 43. Rc5 Kd6 44. Rd5+ Ke7 45. Kd3 Bc6 46. Ra5 Bc7 47. Nd5+ 1-0

[Event "II Memorial Pereyra"]
[Site "Mendoza"]
[Date "2003.12.10"]
[Round "6"]
[White "Rodriguez, Andres"]
[Black "Monier, Raul"]
[Result "1-0"]
[WhiteElo "2485"]
[BlackElo "2405"]
[PlyCount "95"]
[EventDate "2003.12.06"]
[Source "Roberto Alvarez"]
[SourceDate "2003.12.15"]

1. d3 e5 2. g3 Nf6 3. Bg2 d5 4. Nd2 Nc6 5. e4 dxe4 6. dxe4 Bc5 7. h3 O-O 8. Ne2 Be6 9. O-O Qd7 10. Kh2 Rfd8 11. c3 a5 12. a4 Qd3 13. Qe1 Rd7 14. Ng1 Rad8 15. Ngf3 h6 16. Rg1 Qc2 17. Bf1 Bg4 18. hxg4 Nxg4+ 19. Kg2 Nxf2 20. Qe2 Nd3 21. Nc4 Qxe2+ 22. Bxe2 Bxg1 23. Kxg1 Nxc1 24. Rxc1 f6 25. Ne1 g6 26. Bg4 Rg7 27. Be6+ Kf8 28. Bd5 Ra8 29. Nd3 Nd8 30. Nc5 Ra7 31. Rd1 Re7 32. Ne3 b6 33. Bc4 Ra8 34. Nd7+ Kg7 35. Nxf6 c6 36. Nd7 Nb7 37. Nxb6 Rf8 38. Rd7 Rxd7 39. Nxd7 Re8 40. b4 Nd6 41. Bd3 axb4 42. cxb4 Re7 43. Nb8 Rc7 44. a5 h5 45. a6 Kh7 46. Nc4 Nxc4 47. Bxc4 Kg7 48. a7 1-0

[Event "It \\"]
[Site "?"]
[Date "1998.??.??"]
[Round "4"]
[White "Cvorovic Drazen"]
[Black "Anic Darko"]
[Result "1/2-1/2"]
[WhiteElo "2430"]
[BlackElo "2460"]
[PlyCount "26"]
[EventDate "1998.??.??"]
[Source "www.chesslib.no"]
[SourceDate "2004.05.04"]

1. d3 e5 2. g3 Nf6 3. Bg2 Bc5 4. c3 O-O 5. d4 exd4 6. cxd4 Bb4+ 7. Bd2 Bxd2+ 8. Qxd2 d5 9. Nc3 c6 10. e3 Bf5 11. Nge2 Nbd7 12. O-O Nb6 13. b3 Re8 1/2-1/2

[Event "Skanska"]
[Site "?"]
[Date "2005.07.02"]
[Round "3"]
[White "Bernasek Jan"]
[Black "Garbisu de Goni Unai"]
[Result "1/2-1/2"]
[WhiteElo "2428"]
[BlackElo "2455"]
[PlyCount "87"]
[EventDate "2005.??.??"]
[Source "www.chesslib.no"]
[SourceDate "2004.05.04"]

1. d3 e5 2. c4 f5 3. g3 Nf6 4. Bg2 Nc6 5. Nc3 g6 6. h4 Bg7 7. Nd5 Ne7 8. Nxf6+ Bxf6 9. Nf3 d6 10. h5 Nc6 11. hxg6 hxg6 12. Rxh8+ Bxh8 13. Bg5 Bf6 14. Qd2 Bd7 15. O-O-O Qe7 16. Bxf6 Qxf6 17. Qg5 Qxg5+ 18. Nxg5 O-O-O 19. Rh1 Nd4 20. Kd2 Ne6 21. Nxe6 Bxe6 22. Rh7 c6 23. Re7 Bd7 24. Rg7 Be8 25. b4 Rd7 26. Rg8 Re7 27. e4 Kd7 28. Bh3 Bf7 29. Rf8 Ke6 30. g4 Re8 31. gxf5+ gxf5 32. Bxf5+ Ke7 33. Rxe8+ Bxe8 34. Ke3 b6 35. d4 c5 36. dxc5 dxc5 37. a3 Bf7 38. bxc5 bxc5 39. f4 Kf6 40. fxe5+ Kxe5 41. Kd3 Bh5 42. Bd7 Bf3 43. Bc6 Bg2 44. Ke3 1/2-1/2

[Event "Moscow RUS"]
[Site "?"]
[Date "1997.??.??"]
[Round "3"]
[White "Gelman Alexander"]
[Black "Rychagov Andrey"]
[Result "0-1"]
[WhiteElo "2415"]
[BlackElo "2455"]
[PlyCount "66"]
[EventDate "1997.??.??"]
[Source "www.chesslib.no"]
[SourceDate "2004.05.04"]

1. d3 d5 2. Nf3 Nc6 3. Nbd2 e5 4. e4 Nf6 5. c3 a5 6. Be2 Bc5 7. O-O Ba7 8. b3 O-O 9. a3 Qe7 10. Qc2 Rd8 11. Bb2 Bg4 12. h3 Bh5 13. b4 d4 14. g4 dxc3 15. Bxc3 Bxg4 16. hxg4 Nxg4 17. Nc4 b5 18. Ne3 Bxe3 19. fxe3 Nxe3 20. Qb2 Nxf1 21. Rxf1 axb4 22. axb4 Qe6 23. Rf2 Ra2 24. Qb1 Rda8 25. Rg2 Nd4 26. Nxd4 Qb6 27. Bb2 exd4 28. Bd1 Qh6 29. Bxd4 Rxg2+ 30. Kxg2 Qd2+ 31. Kf3 Ra2 32. Be3 Qg2+ 33. Kf4 Qf1+ 0-1

[Event "GM"]
[Site "Mulhouse"]
[Date "2004.07.06"]
[Round "7.5"]
[White "Bricard, Emmanuel"]
[Black "Eliet, Nicolas"]
[Result "1/2-1/2"]
[WhiteElo "2450"]
[BlackElo "2412"]
[PlyCount "122"]
[EventDate "2004.06.30"]
[Source "Roberto Alvarez"]
[SourceDate "2003.08.04"]

1. d3 d5 2. Nf3 Bg4 3. Ne5 Bh5 4. g4 f6 5. gxh5 fxe5 6. c4 e6 7. Bh3 Qd6 8. Qb3 Nd7 9. Qxb7 Rb8 10. Qxa7 Ngf6 11. Nc3 c6 12. h6 g6 13. Qa4 Be7 14. Qc2 O-O 15. Bd2 d4 16. Ne4 Nxe4 17. dxe4 Bh4 18. O-O Rf6 19. b4 Qf8 20. f3 g5 21. Kh1 Rxh6 22. Rg1 Rg6 23. c5 h5 24. a4 Qg7 25. b5 Bf2 26. Rg2 g4 27. fxg4 hxg4 28. Bxg4 Rxg4 29. Rxf2 Nf6 30. b6 Qg6 31. Rf3 Nxe4 32. Qd3 Nxc5 33. Qxg6+ Rxg6 34. a5 e4 35. Rg3 Rxg3 36. hxg3 e3 37. Bb4 Na6 38. Bd6 Rd8 39. Bc7 Rd7 40. Bf4 Rd5 41. Rc1 e5 42. Bxe3 Rxa5 43. Rxc6 dxe3 44. b7 Rb5 45. Rxa6 Rxb7 46. Ra3 Kf7 47. Kg2 Kf6 48. Kf3 Rg7 49. Rxe3 Kf5 50. Ra3 e4+ 51. Kf2 Rg4 52. Ra8 Rg7 53. Rf8+ Ke5 54. e3 Ra7 55. g4 Ra3 56. g5 Ra2+ 57. Kg3 Ra3 58. g6 Ra6 59. Rg8 Kf5 60. g7 Rg6+ 61. Kf2 Kf6 1/2-1/2

[Event "Bobby Fischer Memorial"]
[Site "Villa Martelli ARG"]
[Date "2008.03.14"]
[Round "4.5"]
[White "Claverie, Raul"]
[Black "Lemos, Damian"]
[Result "0-1"]
[WhiteElo "2394"]
[BlackElo "2460"]
[PlyCount "68"]
[EventDate "2008.03.11"]
[Source "www.chesslib.no"]
[SourceDate "2004.05.04"]

1. d3 g6 2. g3 Bg7 3. Bg2 c5 4. e4 Nc6 5. c3 e6 6. Nd2 Nge7 7. Nh3 O-O 8. O-O b5 9. Nb3 d6 10. d4 cxd4 11. cxd4 a5 12. d5 exd5 13. exd5 Ne5 14. Nd4 Bg4 15. Qb3 Nf5 16. Nxf5 Bxf5 17. Nf4 a4 18. Qxb5 g5 19. Nh5 Bd3 20. Qb4 Bxf1 21. Bxf1 Qd7 22. Qe4 f5 23. Qe2 g4 24. Bg2 a3 25. Nxg7 Qxg7 26. Rb1 axb2 27. Qxb2 Qa7 28. Bh6 Rfb8 29. Qc2 Rxb1+ 30. Qxb1 Qxa2 31. Qxf5 Qa1+ 32. Bf1 Nf3+ 33. Kg2 Qxf1+ 34. Kxf1 Ra1+ 0-1

[Event "Luzern ol (Men)"]
[Site "Lucerne SUI"]
[Date "1982.??.??"]
[Round "2"]
[White "Suttles, Duncan"]
[Black "Alzate, Dario"]
[Result "1/2-1/2"]
[WhiteElo "2475"]
[BlackElo "2375"]
[PlyCount "81"]
[EventDate "1982.10.??"]
[Source "www.chesslib.no"]
[SourceDate "2004.05.04"]

1. d3 g6 2. g3 Bg7 3. Bg2 c5 4. Nc3 Nc6 5. Nh3 d5 6. O-O Nf6 7. Bg5 h6 8. Bxf6 Bxf6 9. Nf4 e6 10. e4 dxe4 11. dxe4 Qa5 12. Nfe2 Nd4 13. Nc1 Bd7 14. Re1 c4 15. a4 Bc6 16. N1a2 O-O-O 17. Qb1 Qh5 18. Nb4 Nf3+ 19. Bxf3 Qxf3 20. Re3 Qh5 21. Nxc6 bxc6 22. Qf1 Bd4 23. Ree1 Qf3 24. Nd1 Rd6 25. Qxc4 Rhd8 26. Ra3 Qh5 27. Rd3 Bb6 28. b4 Rxd3 29. cxd3 Kb7 30. a5 Bd4 31. Kg2 Qb5 32. Ne3 Qxc4 33. Nxc4 Bc3 34. Rb1 Ka6 35. Rb3 Bd4 36. Na3 Rb8 37. Nc2 c5 38. Nxd4 cxd4 39. e5 Rc8 40. b5+ Kxa5 41. Ra3+ 1/2-1/2

[Event "BCF Ch playoff m"]
[Site "London ENG"]
[Date "1974.??.??"]
[Round "3"]
[White "Hartston, William R"]
[Black "Basman, Michael J"]
[Result "1-0"]
[WhiteElo "2470"]
[BlackElo "2375"]
[PlyCount "47"]
[EventDate "1974.??.??"]
[Source "www.chesslib.no"]
[SourceDate "2004.05.04"]

1. d3 d5 2. g3 c6 3. Bg2 Na6 4. Nf3 Bf5 5. Nbd2 Qd7 6. c4 dxc4 7. Nxc4 f6 8. O-O g5 9. e4 Be6 10. Be3 h5 11. Nd4 Bh3 12. Bxh3 Qxh3 13. b4 Nh6 14. f3 h4 15. g4 b5 16. Nxc6 bxc4 17. Qa4 Kf7 18. Qxa6 Nxg4 19. Qxc4+ Kg7 20. fxg4 Qxe3+ 21. Kh1 h3 22. Ne5 Kh7 23. Qf7+ Bg7 24. Rf3 1-0

[Event "BCF Ch playoff m"]
[Site "London ENG"]
[Date "1974.??.??"]
[Round "5"]
[White "Hartston, William R"]
[Black "Basman, Michael J"]
[Result "1-0"]
[WhiteElo "2470"]
[BlackElo "2375"]
[PlyCount "85"]
[EventDate "1974.??.??"]
[Source "www.chesslib.no"]
[SourceDate "2004.05.04"]

1. d3 d6 2. g3 g6 3. Bg2 Bg7 4. e4 c6 5. Nd2 Na6 6. f4 Nh6 7. Ngf3 f5 8. Qe2 O-O 9. O-O Bd7 10. Kh1 Nc5 11. Nb3 Ne6 12. a4 Qb6 13. a5 Qa6 14. Re1 Rae8 15. e5 Nf7 16. d4 Qxe2 17. Rxe2 Nc7 18. Be3 Be6 19. Nfd2 g5 20. fxg5 dxe5 21. dxe5 Bxe5 22. Bxa7 Bd5 23. Nc5 Ra8 24. Bb6 Bxg2+ 25. Kxg2 Nd5 26. Nc4 Bd4 27. Nd7 Nxb6 28. Ncxb6 Bxb6 29. Nxb6 Rad8 30. h4 e5 31. Rf1 Nd6 32. Rxe5 Ne4 33. Rfxf5 Rd2+ 34. Kf3 Rxf5+ 35. Rxf5 Nd6 36. Rc5 Nb5 37. a6 bxa6 38. Rxc6 Nd4+ 39. Ke3 Rxc2 40. Rxc2 Nxc2+ 41. Kd3 Ne1+ 42. Ke4 Kf7 43. Nd5 1-0

[Event "Budapest HUN"]
[Site "?"]
[Date "2001.12.10"]
[Round "10"]
[White "Vajda Albert"]
[Black "Pierrot Juan Facundo"]
[Result "0-1"]
[WhiteElo "2416"]
[BlackElo "2427"]
[PlyCount "136"]
[EventDate "2001.??.??"]
[Source "www.chesslib.no"]
[SourceDate "2004.05.04"]

1. d3 Nf6 2. g3 g6 3. Bg2 Bg7 4. e4 d6 5. Ne2 c5 6. O-O O-O 7. c3 Nc6 8. h3 Bd7 9. Be3 e5 10. a4 a6 11. Na3 b6 12. d4 exd4 13. cxd4 Re8 14. d5 Nb4 15. Nc3 b5 16. Qd2 bxa4 17. e5 dxe5 18. Bxc5 a5 19. Be3 Bf5 20. Bg5 Qd7 21. Nc4 Qc7 22. Ne3 Bd3 23. Rfc1 Qd6 24. Rxa4 e4 25. Rca1 Qb6 26. d6 Qxd6 27. Rxa5 Rxa5 28. Rxa5 Nc6 29. Ra4 Nd4 30. Kh1 Qc5 31. Bxf6 Bxf6 32. Ned5 Bg7 33. Qe3 f5 34. b4 Qd6 35. Ra7 Nc6 36. Qb6 Bd4 37. Qc7 Qxc7 38. Rxc7 Bxc3 39. Nxc3 Nxb4 40. Rb7 Nc2 41. Nd5 Rf8 42. g4 Rf7 43. Rb8+ Kg7 44. g5 f4 45. Nf6 Rxf6 46. gxf6+ Kxf6 47. Rf8+ Ke5 48. Kg1 e3 49. fxe3 fxe3 50. Bf1 Bf5 51. Kg2 Nd4 52. Ba6 Kf4 53. Rf7 h5 54. Rf8 Ne6 55. Re8 Be4+ 56. Kf1 Ng5 57. h4 Nf3 58. Rf8+ Bf5 59. Bd3 Nxh4 60. Ke2 g5 61. Bxf5 Nxf5 62. Rh8 h4 63. Kf1 g4 64. Kg2 h3+ 65. Kf1 Kg3 66. Kg1 e2 67. Re8 Nd4 68. Kh1 Kf2 0-1

[Event "Playchess"]
[Site "?"]
[Date "2005.06.21"]
[Round "?"]
[White "Grischuk Alexander"]
[Black "Sautto Daniele"]
[Result "1-0"]
[WhiteElo "2724"]
[BlackElo "2115"]
[PlyCount "81"]
[EventDate "2005.??.??"]
[Source "www.chesslib.no"]
[SourceDate "2004.05.04"]

1. d3 d5 2. Nf3 Nd7 3. Bf4 c6 4. h3 g6 5. Nbd2 Bg7 6. d4 Ngf6 7. e3 O-O 8. c3 c5 9. Bh2 Qb6 10. Qc1 Rd8 11. Bd3 Nf8 12. O-O Bf5 13. Bxf5 gxf5 14. Qc2 e6 15. Ne5 Rac8 16. Qb3 c4 17. Qc2 Ng6 18. f3 Nd7 19. Nxd7 Rxd7 20. g4 Ne7 21. Kh1 Qd8 22. Rg1 fxg4 23. hxg4 Ng6 24. f4 Qh4 25. Nf3 Qe7 26. Qf2 b5 27. f5 Nf8 28. Ne5 Bxe5 29. dxe5 Qg5 30. Rg2 b4 31. Bf4 Qg7 32. Qh4 bxc3 33. bxc3 Rb8 34. Bh6 Qh8 35. Qg5+ Ng6 36. Rh2 Rdb7 37. Rg1 Rb1 38. fxg6 Rxg1+ 39. Kxg1 fxg6 40. Qe7 Rb1+ 41. Kg2 1-0

[Event "NED Team Ch 9495"]
[Site "NED"]
[Date "1994.??.??"]
[Round "2"]
[White "Welling, Gerard"]
[Black "Riemersma, Liafbern"]
[Result "0-1"]
[WhiteElo "2385"]
[BlackElo "2440"]
[PlyCount "52"]
[EventDate "1994.??.??"]
[Source "www.chesslib.no"]
[SourceDate "2004.05.04"]

1. d3 d5 2. g3 Nf6 3. Bg2 g6 4. Nc3 Bg7 5. Bd2 O-O 6. Qc1 d4 7. Ne4 Nxe4 8. dxe4 c5 9. h4 h5 10. f4 Nd7 11. Nh3 Nf6 12. Nf2 e5 13. e3 Ng4 14. Nxg4 Bxg4 15. exd4 Qxd4 16. Be3 Qc4 17. Kf2 exf4 18. gxf4 Bxb2 19. Qf1 Qxc2+ 20. Kg3 Bxa1 21. Qxa1 Rad8 22. f5 Rd3 23. Re1 Qd2 24. Kf4 g5+ 25. hxg5 Qxg2 26. g6 f6 0-1

[Event "KB Czech Open"]
[Site "?"]
[Date "2003.07.18"]
[Round "1"]
[White "Jansen Christof"]
[Black "Deviatkin Andrei"]
[Result "0-1"]
[WhiteElo "2282"]
[BlackElo "2525"]
[PlyCount "44"]
[EventDate "2003.??.??"]
[Source "www.chesslib.no"]
[SourceDate "2004.05.04"]

1. d3 d5 2. g3 c6 3. Bg2 Bg4 4. c4 dxc4 5. dxc4 Qxd1+ 6. Kxd1 e5 7. b3 Bc5 8. Bb2 Bxf2 9. Bxe5 f6 10. Bc3 Na6 11. Nd2 Ne7 12. Bf3 h5 13. e4 O-O-O 14. Kc2 Ng6 15. a3 Nc5 16. b4 Na4 17. Rf1 Be3 18. Re1 Bxg1 19. Rhxg1 Nxc3 20. Kxc3 Ne5 21. Re3 Rxd2 22. Kxd2 Nxf3+ 0-1

[Event "WchT U26"]
[Site "Paranana"]
[Date "1993.??.??"]
[Round "?"]
[White "David, Alberto"]
[Black "Toth, Christian Endre"]
[Result "1-0"]
[WhiteElo "2380"]
[BlackElo "2420"]
[PlyCount "95"]
[EventDate "1993.11.??"]
[Source "www.chesslib.no"]
[SourceDate "2004.05.04"]

1. d3 d5 2. Nf3 c6 3. g3 Bg4 4. Bg2 Nd7 5. O-O e6 6. Nbd2 Bd6 7. e4 Ne7 8. h3 Bh5 9. Qe1 O-O 10. Nh4 Ng6 11. Nxg6 Bxg6 12. Kh1 Re8 13. f4 f6 14. Nf3 Qb6 15. a3 c5 16. Nh4 Bf7 17. Qf2 dxe4 18. Bxe4 Qc7 19. b3 Rad8 20. g4 Nb8 21. Be3 b6 22. Qg2 Kh8 23. Rf2 Be7 24. Rg1 Rg8 25. f5 Nd7 26. fxe6 Bxe6 27. Bxh7 Kxh7 28. Qe4+ f5 29. gxf5 Bd5 30. Qxd5 Bxh4 31. Rf4 Bf6 32. Qf7 Qxf4 33. Bxf4 Rgf8 34. Qg6+ Kg8 35. Re1 Rf7 36. Re2 Nf8 37. Qg2 Bb2 38. Be5 Bxa3 39. Bc3 Bc1 40. f6 g6 41. Re7 Rd7 42. Re8 Kh7 43. Qe4 Bg5 44. Qa8 Kg8 45. Qc6 Bh6 46. h4 Rh7 47. Kg2 Rdf7 48. Qe4 1-0

[Event "AUT-chT2W 9697"]
[Site "Austria"]
[Date "1997.??.??"]
[Round "6"]
[White "Mozes, Ervin"]
[Black "Kelecevic, Nedeljko"]
[Result "0-1"]
[WhiteElo "2370"]
[BlackElo "2430"]
[PlyCount "62"]
[EventDate "1996.??.??"]
[Source "www.chesslib.no"]
[SourceDate "2004.05.04"]

1. d3 d5 2. g3 g6 3. Bg2 Bg7 4. Nf3 Nf6 5. c3 O-O 6. O-O Nbd7 7. a4 a5 8. Bf4 Nh5 9. Bd2 e5 10. Na3 c6 11. Rb1 Re8 12. Qc1 Nc5 13. b3 e4 14. dxe4 Nxe4 15. Be1 Qe7 16. Nd4 Bd7 17. e3 Bf8 18. Ra1 Bg7 19. Ra2 Nc5 20. Qd1 Nf6 21. c4 Bg4 22. Qb1 h5 23. cxd5 cxd5 24. Nab5 Rec8 25. b4 axb4 26. Bxb4 Qd7 27. a5 Ne6 28. Nc3 Nxd4 29. exd4 Rc4 30. Rd2 h4 31. Qb3 Be6 0-1

[Event "ADCF Masters, Abu Dhabi UAE"]
[Site "?"]
[Date "2001.??.??"]
[Round "1"]
[White "Hamad, A."]
[Black "Iuldachev, S."]
[Result "0-1"]
[WhiteElo "2280"]
[BlackElo "2505"]
[PlyCount "60"]
[EventDate "2001.??.??"]
[Source "www.chesslib.no"]
[SourceDate "2004.05.04"]

1. d3 e5 2. d4 exd4 3. Nf3 c5 4. c3 Nc6 5. cxd4 d5 6. e3 Nf6 7. Bb5 Bd6 8. Nc3 O-O 9. O-O Bg4 10. dxc5 Bxc5 11. Be2 Re8 12. Bd2 Qe7 13. a3 Rad8 14. Nd4 Bc8 15. Be1 Bd6 16. Bf3 Bb8 17. g3 h5 18. Bg2 h4 19. Nce2 hxg3 20. hxg3 Ng4 21. Bc3 Qg5 22. Nf3 Qh6 23. Re1 Nce5 24. Ned4 Qh7 25. Nxe5 Qh2+ 26. Kf1 Nxe5 27. Nf3 Nxf3 28. Bxf3 Bh3+ 29. Ke2 Bxg3 30. Rf1 d4 0-1

[Event "Brno"]
[Site "?"]
[Date "2006.07.02"]
[Round "3"]
[White "Popchev Milko"]
[Black "Porat Ido"]
[Result "0-1"]
[WhiteElo "2415"]
[BlackElo "2346"]
[PlyCount "80"]
[EventDate "2006.??.??"]
[Source "www.chesslib.no"]
[SourceDate "2004.05.04"]

1. d3 d5 2. Nf3 c6 3. Nbd2 Nf6 4. e4 dxe4 5. dxe4 Bg4 6. h3 Bxf3 7. Qxf3 Nbd7 8. b3 e6 9. Bb2 Bb4 10. O-O-O Bxd2+ 11. Rxd2 Qa5 12. a3 O-O-O 13. Qe3 Qb6 14. Qxb6 axb6 15. e5 Nd5 16. c4 Ne7 17. b4 c5 18. b5 Nf5 19. f4 Nd4 20. Rf2 g5 21. Bd3 gxf4 22. Re1 Rhg8 23. Rxf4 Rxg2 24. Kb1 Rg7 25. Re3 h5 26. h4 Rdg8 27. Bxd4 cxd4 28. Rxd4 Rg1+ 29. Kc2 R8g4 30. Rxg4 Rxg4 31. Be2 Rxh4 32. Kc3 Rh1 33. Kd4 Rh4+ 34. Kc3 Kd8 35. a4 Rh1 36. Kd4 Rh4+ 37. Kc3 Nc5 38. Kb4 Rh1 39. Rg3 h4 40. Rg7 h3 0-1

[Event "HUN-chT1 9596"]
[Site "HUN"]
[Date "1995.??.??"]
[Round "4"]
[White "Mozes, Ervin"]
[Black "Kiss, Attila"]
[Result "1/2-1/2"]
[WhiteElo "2380"]
[BlackElo "2380"]
[PlyCount "98"]
[EventDate "1995.??.??"]
[Source "www.chesslib.no"]
[SourceDate "2004.05.04"]

1. d3 d5 2. c3 c5 3. e4 g6 4. f4 Nc6 5. Nf3 Bg7 6. Be2 e6 7. O-O Nge7 8. Qe1 b6 9. a4 Bb7 10. e5 Qd7 11. b4 cxb4 12. cxb4 d4 13. Na3 h5 14. Nc4 Nf5 15. Bb2 Bf8 16. Ba3 Nce7 17. Ng5 Nd5 18. Ne4 Be7 19. Bf3 Kf8 20. Ncd6 Kg7 21. b5 Bxd6 22. Nxd6 Nxd6 23. exd6 Ne3 24. Bb2 f6 25. Bxd4 Nxf1 26. Bxb7 Qxb7 27. Qxe6 Qf7 28. f5 Rhe8 29. Qxf7+ Kxf7 30. Kxf1 gxf5 31. a5 Ke6 32. axb6 axb6 33. Rc1 Rac8 34. Rb1 Rb8 35. Rc1 Red8 36. Be3 Rb7 37. Rc7 Rd7 38. Rc8 Rxd6 39. Ke2 Ra7 40. Re8+ Kd7 41. Rb8 Ra2+ 42. Kf3 Kc7 43. Rf8 Rxd3 44. Rxf6 Raa3 45. Re6 Kd7 46. Re5 Rd6 47. Kf4 Re6 48. Rd5+ Ke7 49. Bd2 Ra2 1/2-1/2

[Event "1. Closed IM"]
[Site "?"]
[Date "2005.01.11"]
[Round "3.5"]
[White "Leonardo Joao"]
[Black "Veingold Aleksandr"]
[Result "1/2-1/2"]
[WhiteElo "2272"]
[BlackElo "2488"]
[PlyCount "73"]
[EventDate "2005.??.??"]
[Source "www.chesslib.no"]
[SourceDate "2004.05.04"]

1. d3 c5 2. g3 g6 3. Bg2 Nc6 4. c3 Bg7 5. e4 e6 6. f4 d5 7. Qe2 Nge7 8. Nf3 b6 9. Na3 Ba6 10. e5 Nf5 11. O-O h5 12. Nc2 Rc8 13. Rd1 Qd7 14. Qf2 f6 15. d4 cxd4 16. Ncxd4 Ncxd4 17. cxd4 O-O 18. Bh3 fxe5 19. Nxe5 Bxe5 20. dxe5 Qa4 21. b3 Qe4 22. Bg2 Qe2 23. Rd2 Qxf2+ 24. Kxf2 Rf7 25. Bh3 g5 26. Bxf5 Rxf5 27. Rb2 Kg7 28. Bd2 Rf7 29. Rc1 Rxc1 30. Bxc1 Rc7 31. Bd2 Kg6 32. Kf3 g4+ 33. Kf2 Kf5 34. Be1 d4 35. Rd2 d3 36. Rb2 Ke4 37. Bd2 1/2-1/2

[Event "Euwe Memorial"]
[Site "Eeklo"]
[Date "1991.??.??"]
[Round "1"]
[White "Van Laatum, Gozewijn"]
[Black "Cardon, Helmut"]
[Result "1/2-1/2"]
[WhiteElo "2380"]
[BlackElo "2375"]
[PlyCount "43"]
[EventDate "1991.??.??"]
[Source "www.chesslib.no"]
[SourceDate "2004.05.04"]

1. d3 d5 2. g3 Nf6 3. Bg2 c6 4. Nd2 e5 5. e4 Bg4 6. Ngf3 Nbd7 7. O-O Bd6 8. b3 O-O 9. Bb2 Re8 10. h3 Bh5 11. Qe1 Qa5 12. a3 Rad8 13. Nh4 dxe4 14. Nxe4 Qxe1 15. Nxf6+ Nxf6 16. Rfxe1 Nd5 17. g4 Bg6 18. Nxg6 hxg6 19. d4 exd4 20. Bxd5 cxd5 21. Bxd4 a6 22. a4 1/2-1/2

[Event "Lyngby Open"]
[Site "Lyngby DEN"]
[Date "1991.??.??"]
[Round "8"]
[White "Berg, Klaus"]
[Black "Boe Olsen, Mads"]
[Result "1-0"]
[WhiteElo "2420"]
[BlackElo "2320"]
[PlyCount "75"]
[EventDate "1991.??.??"]
[Source "www.chesslib.no"]
[SourceDate "2004.05.04"]

1. d3 e6 2. g3 f5 3. Bg2 Nf6 4. Nd2 d6 5. e4 fxe4 6. Nxe4 Be7 7. Nxf6+ Bxf6 8. Qh5+ g6 9. Qe2 Qe7 10. c3 e5 11. h4 Nc6 12. Bh6 Bd7 13. Nh3 O-O-O 14. a4 Rde8 15. a5 a6 16. O-O Bg7 17. Bxg7 Qxg7 18. b4 Nb8 19. c4 h6 20. Qe3 g5 21. Qa7 e4 22. b5 axb5 23. Rab1 gxh4 24. cxb5 hxg3 25. a6 gxf2+ 26. Kh1 Kd8 27. Qxb8+ Ke7 28. Qxc7 e3 29. axb7 Qg3 30. Rb4 Rhg8 31. Re4+ Kf8 32. Nf4 Qh4+ 33. Bh3 Rg1+ 34. Rxg1 fxg1=Q+ 35. Kxg1 Qg3+ 36. Bg2 Qf2+ 37. Kh2 Rxe4 38. b8=Q+ 1-0

[Event "Corr"]
[Site "?"]
[Date "2003.??.??"]
[Round "?"]
[White "Korbela Lubomir"]
[Black "Skarba Stanislav"]
[Result "1/2-1/2"]
[WhiteElo "2361"]
[BlackElo "2372"]
[PlyCount "22"]
[EventDate "2003.??.??"]
[Source "www.chesslib.no"]
[SourceDate "2004.05.04"]

1. d3 d5 2. g3 e5 3. Bg2 Nf6 4. Nf3 Bd6 5. c4 dxc4 6. Qa4+ Nc6 7. dxc4 O-O 8. Nc3 Bd7 9. O-O Nd4 10. Qd1 Ne6 11. Ng5 Rb8 1/2-1/2